Účtová trieda 0 – Dlhodobý majetok

V nasledujúcom príspevku prinášame 1. časť seriálu, v ktorom sa venujeme problematike účtovania účtovej triedy 0 – Dlhodobý majetok podľa opatrenia Ministerstva financií Slovenskej republiky zo dňa 12. 12. 2022 č. Mf/014454/2022-36, ktorým sa ustanovujú podrobnosti o postupoch účtovania a rámcovej ú...

Descrizione completa

Salvato in:
Dettagli Bibliografici
Autore principale: Urbanová, Terézia
Natura: Capitolo di libro
Lingua:slovacco
Soggetti:
Tags: Aggiungi Tag
Nessun Tag, puoi essere il primo ad aggiungerne!!

MARC

LEADER 00000naa a2200000 4500
001 0312498
005 20250929091839.4
041 0 |a slo 
044 |a SK 
245 1 0 |a Účtová trieda 0 – Dlhodobý majetok  |c Terézia Urbanová 
520 |a V nasledujúcom príspevku prinášame 1. časť seriálu, v ktorom sa venujeme problematike účtovania účtovej triedy 0 – Dlhodobý majetok podľa opatrenia Ministerstva financií Slovenskej republiky zo dňa 12. 12. 2022 č. Mf/014454/2022-36, ktorým sa ustanovujú podrobnosti o postupoch účtovania a rámcovej účtovej osnove pre obce, vyššie územné celky a nimi zriadené rozpočtové organizácie a príspevkové organizácie v z. n. p. 
610 2 0 |a účtovanie 
610 2 0 |a majetok dlhodobý 
610 2 0 |a obce 
610 2 0 |a účty 
610 2 0 |a kapitál 
610 2 0 |a preddavky 
100 1 |a Urbanová, Terézia